000 00746cam a22002535a 4500
999 _c8101
_d8101
001 17940257
003 OSt
005 20200125125528.0
008 131113s2013 xx 000 0 eng
010 _a 2012537568
020 _a9788177083521
020 _a817708352X
040 _aDLC
_coclc
042 _apcc
082 _a368.954
_bNAR/I
100 _91556
_aNarang, Uma
245 0 0 _aInsurance Industry in India :
_bFeatures, Reforms and Outlook. /
_cUma Naramg
260 _bNew Century Pubns
_c2013.
300 _a436p
_ccm.
650 0 _aInsurance
_zIndia.
906 _a0
_bibc
_corigres
_d2
_encip
_f20
_gy-gencatlg
942 _2ddc
_cBK
_h368.954
_iNAR/I
_k368.954
_mNAR/I